| 000 | 01263cam a22003973a 4500 | ||
|---|---|---|---|
| 001 | 0000664 | ||
| 003 | DO-SdBNP | ||
| 005 | 20180223093346.0 | ||
| 007 | 0000664 | ||
| 008 | 861112 1997 sp 000 0 spa d | ||
| 010 | _a | ||
| 020 | _a848938407X | ||
| 040 |
_aBPMSU _cspa _dBPMSU _d |
||
| 245 | 0 | 0 |
_aLecturas, libros y bibliotecas para niños / _cbajo la dirección de Claude-Anne Parmegiani ; colaboradores Geneviève Bordet...[et al] ; traducción Mauro Armiño |
| 260 |
_aMadrid: _bFundacion Germán Sánchez Ruipérez, _c1993. |
||
| 300 |
_a238 p. : _c23 cm. |
||
| 490 | 0 | _aEl árbol de la memoria | |
| 500 | _a | ||
| 504 | _aBibliografia p: 229-238 | ||
| 600 | 0 | 0 |
_a _x |
| 700 | 1 | 2 |
_aParmegiani, Claude-Anne _edir. |
| 700 | 1 | 2 |
_aArmiño, Mauro _etrad. |
| 700 | 1 | 2 |
_aBordet, Geneviève _ecol. |
| 700 | 1 | 2 |
_aDiament, Nic _ecol. |
| 700 | 1 | 2 |
_aEisenegger, Aline _ecol. |
| 700 | 1 | 2 |
_aEzratry, Viviane _ecol. |
| 700 | 1 | 2 |
_aFraisse, Emmanuel _ecol. |
| 700 | 1 | 2 |
_aGardaz-de Linden, Élisabeth _ecol. |
| 700 | 1 | 2 |
_aGeorges, Chantal _ecol. |
| 700 | 1 | 2 |
_aGuérin, Claudie _ecol. |
| 700 | 1 | 2 |
_aJan, Isabelle _ecol. |
| 830 | 0 | _aEl árbol de la memoria | |
| 942 |
_2ddc _cBK |
||
| 945 | _aInventariado, 2018/ YL | ||
| 956 |
_aYLOCKWARD _b10 _cBPMSU |
||
| 999 |
_c11343 _d11343 |
||